Responses for Show #4452 - Tuesday, January 6, 2004

Tom Walsh game 2.

Contestants

[<< previous game]

Lisa Cherry, a bird trainer from Winchester, California

Chris Serb, a firefighter from Chicago, Illinois

Tom Walsh, a writer from Washington, D.C. (whose 1-day cash winnings total $16,100)

[next game >>]

Jeopardy! Round responses

THE WAR YEARS
SONGS EVERYBODY KNOWS
DOME, SWEET DOME
GIMME AN "S"!
MACHINERY
THE LAST
    $200 6
the Vietnam War

Tom
    $200 11
"99 Bottles of Beer"

Tom
    $200 1
Rome

Tom
    $200 14
starboard

Lisa
    $200 26
computer

Tom
    $200 21
his last meal

Tom
    $400 7
the Boer War

Tom
    $400 12
"Pop Goes The Weasel"

Chris
    $400 2
Hiroshima

Chris
    $400 15
square dance

Chris
    $400 27
(Lisa: What is a mimeograph?)

ditto machine

Lisa
Triple Stumper
    $400 22
the draft

Tom
    $600 8
the Falkland Islands War

Chris
    $600 13
"In the Good Old Summertime"

Lisa
    $600 3
the U.S. Capitol

Tom
    $600 18
silk

Chris
    $1,000 28
juicer

Tom
    $600 23
cavalry

Chris
    $800 9
the Hundred Years' War

Chris
    $800 16
"She'll Be Coming 'Round the Mountain"

Lisa
    $800 4
St. Paul's Cathedral

Chris
    $800 19
"Swan Lake"

Chris
    $800 29
agitate

Chris
    $800 24
the train

Triple Stumper
    $1000 10
the Punic Wars

Chris
    $1000 17
"'O Sole Mio"

Tom
    $1000 5
the Dome of the Rock

Chris
    $1000 20
the Sinai Peninsula

Tom
    $1000 30
(Alex: A very fantastic machine!)

lathe

Tom
    $1000 25
man

Triple Stumper

Scores at the first commercial break (after clue 15):

Tom Chris Lisa
$1,600 $5,400 $800

Scores at the end of the Jeopardy! Round:

Tom Chris Lisa
$6,400 $8,200 $1,200

Double Jeopardy! Round responses

RUSSIAN PAST
TV ROLL CALL
(Alex: You have to name the program for us.)
HISTORIC NOVELS
SEEN IN THE MIDWEST
THERE IS NOTHING LIKE A DANE
AN ABBREVIATED CATEGORY
    $400 2
Napoleon

Tom
    $400 1
The Osbournes

Tom
    $400 10
Egypt

Chris
    $400 16
nativity scenes

Chris
    $400 21
(Vitus) Bering

Chris
    $400 26
fluid ounce

Tom
    $800 3
St. Petersburg

Chris
    $800 4
The Beverly Hillbillies

Chris
    $800 11
(Aaron) Burr

Tom
    $800 17
(Jesse) James

Tom
    $800 22
(Isak) Dinesen/Karen Blixen

Tom
    $800 27
voiceover

Tom
    $1200 8
(Tom: What is Strategic Arms Limitation Treaty?)

Strategic Arms Limitation Talks

TomChris
    $1200 5
The A-Team

Chris
    $1200 13
(Lisa: Who is Zane Grey?)

Louis L'Amour

Lisa
Triple Stumper
    $1200 18
(Tom: What is a clock?)
(Alex: Be more specific.)
(Tom: What is a grandfather clock?)
(Alex: No.)

cuckoo clock

TomLisa
    $1200 23
Niels Bohr

Tom
    $1200 28
meals, ready-to-eat

Tom
    $1600 9
(Lisa: What is the Mongolian Empire?)

the Mongol Empire

Lisa
    $1600 6
Fawlty Towers

Tom
    $1,500 14
I, Claudius

Tom
    $1600 19
Duesenberg

Tom
    $1600 24
(Alex: With a minute to go.)

(Soren) Kierkegaard

Tom
    $1600 29
State University of New York

Tom
    $2000 12
the Mensheviks

Tom
    $2000 7
It Takes a Thief

Lisa
    $2000 15
(John) Jakes

Tom
    $2,000 20
(Tom: [no response])
(Alex: The first liquor license after Prohibition.)

liquor license

Tom
    $2000 25
Tycho Brahe

Chris
    $2000 30
light-emitting diode

Tom

Scores at the end of the Double Jeopardy! Round:

Tom Chris Lisa
$22,700 $15,400 $4,800

[wagering suggestions for these scores]

Final Jeopardy! Round responses

ANIMALS
LisaWhat is an ostrich
$4,000
ChrisWhat are Robins?
$7,301
TomWhat are Vultures?
$8,100
ostriches

Final scores:

Tom Chris Lisa
$14,600 $8,099 $8,800
2-day champion: $30,700 3rd place: $1,000 2nd place: $2,000

Game dynamics:

Coryat scores:

Tom Chris Lisa
$24,400 $15,400 $4,800
29 R
(including 2 DDs),
3 W
(including 1 DD)
20 R,
0 W
6 R,
2 W

Combined Coryat: $44,600

[game clues] [game scores] [suggest correction]

Game tape date: 2003-10-29
The J! Archive is created by fans, for fans. Scraping, republication, monetization, and malicious use prohibited; this site may use cookies and collect identifying information. See terms. The Jeopardy! game show and all elements thereof, including but not limited to copyright and trademark thereto, are the property of Jeopardy Productions, Inc. and are protected under law. This website is not affiliated with, sponsored by, or operated by Jeopardy Productions, Inc. Join the discussion at JBoard.tv.